Wird geladen...
Indian Agriculture Since Independence
Critically reviewing the performance of Indian agriculture since independence, the book examines the relative performance of Indian agriculture both during the plan period and post-reform period as well as the role of agriculture in the development of Indian economy. The book also underlines the mai...
| Format: | Printed Book |
|---|---|
| Sprache: | Undetermined |
| Schlagworte: |
| LEADER | 00918nam a2200145Ia 4500 | ||
|---|---|---|---|
| 008 | 150831s9999 xx 000 0 und d | ||
| 020 | |a 9788123749433 | ||
| 082 | |a 630 BHA-I | ||
| 245 | |a Indian Agriculture Since Independence | ||
| 300 | |a 348 | ||
| 520 | |a Critically reviewing the performance of Indian agriculture since independence, the book examines the relative performance of Indian agriculture both during the plan period and post-reform period as well as the role of agriculture in the development of Indian economy. The book also underlines the main cause of deceleration of agriculture in the post-reform period and makes policy suggestions for regeneration of Indian agriculture. | ||
| 650 | |a Agriculture --Economic aspects --India. Agriculture and state --India. | ||
| 942 | |c BK | ||
| 999 | |c 29042 |d 29042 | ||
| 952 | |0 0 |1 0 |4 0 |6 630_000000000000000_BHAI |7 0 |9 31769 |a DCB |b DCB |d 2015-09-01 |l 0 |o 630 BHA-I |r 2015-09-01 |w 2015-09-01 |y BK | ||